书目信息 |
| 题名: |
巴赫法国组曲
|
|
| 作者: | 巴赫 著 | |
| 分册: | ||
| 出版信息: | 上海 上海音乐出版社 1994.10 |
|
| 页数: | 68页 | |
| 开本: | 16开 | |
| 丛书名: | ||
| 单 册: | ||
| 中图分类: | J656.41 | |
| 科图分类: | ||
| 主题词: | 外国音乐--作品 , 音乐--各国--作品 | |
| 电子资源: | ||
| ISBN: | 7-80553-498-5 | |
| 000 | 00561nam0 2200205 45 | |
| 001 | 0104031099 | |
| 005 | 20010403104218.6 | |
| 010 | @a7-80553-498-5@d15.00元 | |
| 100 | @a20010403d1994 km y0chiy0120 ea | |
| 101 | 0 | @achi |
| 105 | @a z 000yy | |
| 200 | 1 | @a巴赫法国组曲@ABa He Fa Guo Zu Qu@f巴赫著@FBa He Zhu |
| 210 | @a上海@c上海音乐出版社@d1994.10 | |
| 215 | @a68页@d16开 | |
| 606 | 0 | @a外国音乐@x作品 |
| 606 | 0 | @a音乐@y各国@x作品 |
| 690 | @aJ656.41@v3 | |
| 701 | 0 | @a巴赫@4著 |
| 801 | @aCN@bPftUser@c20010403 | |
| 905 | @f2@b335331-332@dJ656.41@eB.060 | |
| 巴赫法国组曲/巴赫著.-上海:上海音乐出版社,1994.10 |
| 68页;16开 |
| ISBN 7-80553-498-5:15.00元 |
| ● |
| 相关链接 |
|
|
|
正题名:巴赫法国组曲
索取号:J656.41/B.060
 
预约/预借
| 序号 | 登录号 | 条形码 | 馆藏地/架位号 | 状态 | 备注 |
| 1 | 335331 | 203353316 | 社科库309/ [索取号:J656.41/B.060] | 在馆 | |
| 2 | 335332 | 203353325 | 自科二线404/309社科库 90排3列4层/ [索取号:J656.41/B.060] | 在馆 |